The Sanctuary of Apollo Hypoakraios and imperial Athens /

محفوظ في:

المؤلف الرئيسي: Nulton, Peter E. (مؤلف)

مؤلف مشترك: Brown University. Center for Old-World Archaeology and Art.

التنسيق: كتاب

اللغة: English

سلاسل: Archaeologia transatlantica ; 21.

الموضوعات:

الوسوم: إضافة وسم

لا توجد وسوم, كن أول من يضع وسما على هذه التسجيلة!

رقم الطلب: BL795 .S47 N85 2003

LEADER 01166namaa2200301 4500
001 21887
003 OSt
005 20211023072629.0
008 130303s2003 riua g b 000 0 eng d
952 |0 0  |1 0  |2 lcc  |4 0  |6 BL0795 S47 N85 02003  |7 1  |9 57357  |a ARCE  |b ARCE  |d 2023-12-10  |l 0  |o BL795 .S47 N85 2003  |p 1016481  |r 2023-12-10 00:00:00  |w 2023-12-10  |y BK 
999 |c 21499  |d 21499 
040 |c ARCE Library 
043 |a e-gr--- 
050 4 |a BL795 .S47 N85 2003 
100 1 |a Nulton, Peter E.  |q (Peter Edward),  |e author  |9 36994 
245 1 4 |a The Sanctuary of Apollo Hypoakraios and imperial Athens /  |c By Peter E. Nulton. 
264 1 |a Providence :  |b [Center for Old World Archaeology and Art, Brown University],  |c 2003. 
300 |a 96 pages :  |b illustrations ;  |c 28 cm. 
490 1 |a Archaeologia transatlantica ;   |v 21. 
504 |a Bibliography : pages 93-96. 
555 |a wafaa.lib 
650 0 |a Temples  |z Greece  |z Athens. 
650 0 |a Inscriptions, Greek  |z Greece  |z Athens. 
651 0 |a Acropolis (Athens, Greece)  
710 2 |a Brown University.   |b Center for Old-World Archaeology and Art. 
830 0 |a Archaeologia transatlantica ;   |v 21. 
901 |a reviewed 
942 |c BK  |2 lcc